00440nam a2200181Ia 4500008004100000020001400041050001400055100001900069245002600088245004500114260001500159260001600174260000900190300001400199300002700213300001000240500000800250170918s9999 xx 000 0 und d a43941797x bC913 2001 aCreech, Sharon 2aA fine, fine school / cSharon Creech ; pictures by Harry Bliss. aNew York : bScholastic, c2001 aunpaged : bcolored illustration ; c28cm. a300